|
|
|
|
| LEADER |
00000nam a2200000 a 4500 |
| 001 |
101260 |
| 005 |
20230308182223.0 |
| 008 |
010061|1982 ||||||||r|||||||||||spa|| |
| 040 |
|
|
|b spa
|
| 041 |
1 |
|
|a spa
|
| 082 |
0 |
|
|a 342.86
|
| 110 |
2 |
|
|a Corporación de Estudios y Publicaciones.
|9 8117
|
| 245 |
|
|
|a Código del trabajo:
|b anexos sobre sueldos y salarios
|h imp
|
| 264 |
|
|
|a Quito
|b Corporación de estudios y publicaciones
|c 1982
|
| 300 |
|
|
|a 171 páginas:
|c 23 páginas:
|
| 504 |
|
|
|a incl. ref.
|
| 650 |
|
|
|a Codigo del trabajo
|9 3240
|
| 650 |
|
|
|a Sueldos y salarios
|9 39994
|
| 650 |
|
|
|a Asuntos laborales suscritos
|9 97607
|
| 852 |
|
|
|a UC-CDJBV
|c ESTANTERIA CERRADA
|f Compra
|k sergio.cajamarca
|l 1
|m General
|p 20100611
|r 2
|t 101260
|b 0
|d CDRC
|e CDRC
|g 342.86 ESTANTERIA CERRADA
|z 2010-00-61
|
| 942 |
|
|
|c BK
|
| 999 |
|
|
|c 59002
|d 59002
|